000 00789nam a2200253Ia 4500
003 OSt
005 20220928133527.0
006 a|||||r|||| 00| 0
007 ta
008 220927b |||||||| |||| 00| 0 hin d
020 _cINR 8000.00
024 _a142750
037 _b94, 06/03/2020, Rupa Prkashan
_cReference Collections
040 _aSDCL
_cSDCL
_bhin
041 _2hin
_ahin
082 _aX:8k, Q5.1-.7 RR
100 _aMathur Reeta
245 0 _aPrabandh ka vishvkosh (7 volume set)
260 _aNew Delhi
_bArjun Publishing House
_c2015
490 _vV1:Sangadhanatmak prabandha,v,277p.
650 _aHindi
_9391598
942 _hX:8k, Q5.1-.7 RR
_cREF
_2CC
999 _c799941
_d799941